00582nam a2200193 a 450000100060000000300090000600800410001502000150005604000280007108200090009910000200010824500560012826000240018430000090020850500730021765000330029065000340032365000310035723016CO-ViMGA141112s2004 ck r 000 u spa d a9580481741 aCO-ViMGAbspacCO-ViMGA04aBERp1 aBerton, Agnès10aPerdido entre los brujos : bUna bruja en mi morral aColombia : bNormal a64p. aPerdido entre los brujos, Convertido en rata, Una bruja en mi morral14aBRUJAS - CUENTOS INFANTILES 14aCUENTOS INFANTILES FRANCESES 14aMIEDO - CUENTOS INFANTILES